000 00291nam a22000977a 4500
005 20250901165533.0
008 210604b BT|||||||| |||| 00| 0 eng d
050 _aBT3173.B76 1960
245 _aLIVING WITH CHRIST
_bHIGH SCHOOL RELIGION COURSE 1
942 _2lcc
_hBT3173.B76 1960
999 _c5498
_d5498